<?xml version="1.0" encoding="UTF-8"?>
<record
    xmlns:xsi="http://www.w3.org/2001/XMLSchema-instance"
    xsi:schemaLocation="http://www.loc.gov/MARC21/slim http://www.loc.gov/standards/marcxml/schema/MARC21slim.xsd"
    xmlns="http://www.loc.gov/MARC21/slim">

  <leader>01103nab a2200205 i 4500</leader>
  <controlfield tag="001">BPP</controlfield>
  <controlfield tag="003">BPK</controlfield>
  <controlfield tag="005">20140521104837.0</controlfield>
  <controlfield tag="008">140508s2005    pl  r  f     |000  0pol</controlfield>
  <datafield tag="040" ind1=" " ind2=" ">
    <subfield code="c">BPK</subfield>
  </datafield>
  <datafield tag="080" ind1=" " ind2=" ">
    <subfield code="a">621.97</subfield>
  </datafield>
  <datafield tag="100" ind1=" " ind2=" ">
    <subfield code="a">RADOMSKI, Grzegorz.</subfield>
    <subfield code="d">1996 - 2006.</subfield>
    <subfield code="b">Politechnika Koszali&#x144;ska - Wydzia&#x142; Mechaniczny,</subfield>
    <subfield code="c">Katedra In&#x17C;ynierii Spo&#x17C;ywczej i Tworzyw Sztucznych</subfield>
  </datafield>
  <datafield tag="245" ind1=" " ind2=" ">
    <subfield code="a">Por&#xF3;wnanie ujednorodniania tworzywa w trakcie wyt&#x142;aczania w wyt&#x142;aczarce &#x15B;limakowej i &#x15B;limakowo-tarczowej /</subfield>
    <subfield code="c">Grzegorz Radomski.</subfield>
  </datafield>
  <datafield tag="260" ind1=" " ind2=" ">
    <subfield code="c">2005.</subfield>
  </datafield>
  <datafield tag="500" ind1=" " ind2=" ">
    <subfield code="a">Dane z autopsji.</subfield>
  </datafield>
  <datafield tag="520" ind1=" " ind2=" ">
    <subfield code="a">Por&#xF3;wnano przebieg ujednorodniania uk&#x142;adu polietylen ma&#x142;ej g&#x119;sto&#x15B;ci/znacznik koloryzuj&#x105;cy w wyt&#x142;aczarce jedno&#x15B;limakowej i &#x15B;limakowo-tarczowej. Zbadano wp&#x142;yw st&#x119;&#x17C;enia znacznika (0,022 - 0,087%) oraz pr&#x119;dko&#x15B;ci obwodowej (0,067 - 0,134m/s) na stopie&#x144; ujednorodnienia uk&#x142;adu w przekroju zar&#xF3;wno wzd&#x142;u&#x17C;nym, jak i poprzecznym.</subfield>
  </datafield>
  <datafield tag="650" ind1=" " ind2="0">
    <subfield code="a">Tworzywa sztuczne - wyroby - technologia - narz&#x119;dzia i maszyny. </subfield>
  </datafield>
  <datafield tag="773" ind1=" " ind2=" ">
    <subfield code="i">W :</subfield>
    <subfield code="t">Polimery. -</subfield>
    <subfield code="g">R. 50, 2005, nr 5, s. 374-378</subfield>
  </datafield>
  <datafield tag="942" ind1=" " ind2=" ">
    <subfield code="c">ART</subfield>
    <subfield code="2">UKD</subfield>
  </datafield>
  <datafield tag="999" ind1=" " ind2=" ">
    <subfield code="c">3338</subfield>
    <subfield code="d">3338</subfield>
  </datafield>
  <datafield tag="952" ind1=" " ind2=" ">
    <subfield code="0">0</subfield>
    <subfield code="1">0</subfield>
    <subfield code="4">0</subfield>
    <subfield code="7">0</subfield>
    <subfield code="a">BPK</subfield>
    <subfield code="b">BPK</subfield>
    <subfield code="o">01022</subfield>
    <subfield code="y">ART</subfield>
  </datafield>
</record>
